| 000 | 00831cam a2200217 a 4500 | ||
|---|---|---|---|
| 001 | 000009652 | ||
| 005 | 20200929161646.0 | ||
| 008 | 870717s1992 pr 000 d spa d | ||
| 020 | _a086581418X | ||
| 040 |
_aDO-SdBNP _bspa _cDLC _dBNPHU |
||
| 082 |
_aPR862.44 _bS232t |
||
| 100 | 1 |
_aSantaliz Avila, Pedro, _d1938- _924531 |
|
| 240 | 1 | 0 |
_aSelections. _lEspañol _f1992 |
| 245 | 1 | 0 |
_aTeatro / _cPedro Santaliz Avila. |
| 260 |
_aSan Juan,(Puerto Rico) : _bInstituto de Cultura Puertorriquena, _c1992. |
||
| 300 |
_a272 p. ; _c23 cm. |
||
| 505 | 0 | _aOlla -- El castillo interior de Medea Camuñas -- Las sombras del chisme, o, la historia de Evaristo y Matera -- El teatro personal de Meaíto Laracuente. | |
| 650 | 4 |
_aTeatro puertorriqueño _94514 |
|
| 650 | 4 |
_aLiteratura puertorriqueña _9250 |
|
| 910 | _aCatalogación por copia / LC | ||
| 999 |
_c9412 _d9412 |
||